Statistics for Guess The Arctic Monkeys Song By The Acronym

Click here to take the quiz!

General Stats

  • This quiz has been taken 45 times
  • The average score is 13 of 33

Answer Stats

AcronymAnswer% Correct
IBYLGOTDI Bet You Look Good On the Dancefloor
78%
DIWKDo I Wanna Know?
70%
IWBYI Wanna Be Yours
70%
SIASSuck It and See
70%
TBHCTranquility Base Hotel & Casino
59%
WTSGDWhen the Sun Goes Down
54%
OFTROne For the Road
51%
OPPOne Point Perspective
51%
LIALLove is a Laserquest
49%
OOWKOnly Ones Who Know
49%
FTOSFFake Tales of San Francisco
46%
TVFTAThe View From The Afternoon
46%
IYWTBIf You Were There, Beware
43%
IWIAI Want It All
43%
RLIDASRed Light Indicates Doors Are Secured
43%
THIACThis House is a Circus
43%
DSDCIMYCDon't Sit Down ‘Cause I've Moved Your Chair
38%
FATFFire and the Thud
38%
THSSThe Hellcat Spangled Shalalala
32%
SOAGSculptures Of Anything Goes
30%
WTFAAMWho The Fuck Are Arctic Monkeys?
30%
YSDYou're So Dark
30%
JSOTMJet Skis On The Moat
27%
TWYWThat's Where You’re Wrong
27%
TBBAMThere’d Better Be a Mirrorball
27%
LBTLCOLeave Before the Lights Come On
24%
SLLFShe Looks Like Fun
24%
TBTThe Bad Thing
22%
PYDUJPut Your Dukes Up John
19%
WCGSCigarette Smoker Fiona
16%
TGYLYNFTemptation Greets You Like Your Naughty Friend
14%
IYFTIPTLIf You've Found This, It's Probably Too Late
11%
CLSBKChun Li’s Spinning Bird Kick
8%

Score Distribution

Percentile by Number Answered

Percent of People with Each Score

Your Score History

You have not taken this quiz